| 000 | 00320nam a22000977a 4500 | ||
|---|---|---|---|
| 008 | 150619b xxu||||| |||| 00| 0 eng d | ||
| 010 | _8HCCRSF:005 | ||
| 245 | _aHIGH COURT CRIMINAL SESSION NO.120 OF 1969 Uganda Vs Joyce Nyakitiri w/o Kimunyu | ||
| 260 | _aHigh Court Kampala | ||
| 500 | _3BEFORE: Hon. Mr. Ag. Justice S. Musoke | ||
| 999 |
_c6517 _d6517 |
||